| 000 | 00497nam a2200169 i 4500 | ||
|---|---|---|---|
| 001 | 66342 | ||
| 003 | ES-MaACL | ||
| 005 | 20230906165614.0 | ||
| 007 | t| | ||
| 008 | 040203s1907 fr ||||1| fre d | ||
| 100 | 1 |
_aGaline, L. _953454 |
|
| 245 | 1 | 0 |
_aExploitation technique des Chemins de Fer / _cL. Galine. |
| 260 |
_a[S.l. : _bs.n., _c1907] ( _eTours : _fDeslis Frères) |
||
| 300 |
_aX, 704 p. ; _c19 cm. |
||
| 650 | 4 |
_aFerrocarriles- _zCastilla-La Mancha. _9158115 |
|
| 852 |
_aES-MaACL _jF-2061 |
||
| 999 |
_c66342 _d66342 |
||